000 00591nam a2200169Ia 4500
008 260520s2021 xx 000 0 und d
020 _a978-93-91391-77-5
041 _amar
082 _a891.46809/DES
100 _aदेशमुख, अ म
245 _aमध्ययुगीन मराठी वाङ्मयाचा स्थूल इतिहास
250 _a1st ed
260 _aजळगाव
_bअकॅडेमिक बुक पब्लिकेशन्स
_c2021
300 _a320p.
500 _aCat No: 15057
650 _aMARATHI MISCELLENOUS WRITING
999 _c1221864
_d1221864